| 000 | 00669nam a2200181 i 4500 | ||
|---|---|---|---|
| 001 | 30414 | ||
| 003 | ES-MaACL | ||
| 005 | 20230906154206.0 | ||
| 007 | t| | ||
| 008 | 030124s1873 sp ||||1| spa d | ||
| 100 | 1 |
_aBauzá, Felipe. _926627 |
|
| 245 | 1 | 1 |
_a[Breve reseña geológica de la provincia de Gerona / _cFelipe Bauzá]. |
| 260 |
_a[S.l. : _bs.n., _c1873?] |
||
| 300 |
_a7 p. ; _c25 cm. |
||
| 594 | _aTítulo y autor tomado de principio del texto, fecha de final de texto. | ||
| 650 | 4 |
_aGeología- _zGerona (Provincia) _9167379 |
|
| 852 |
_aES-MaACL _jT-1107-F-5 _z.- Legado de Federico de Botella y de Hornos _z.- Ded. manuscr. del autor a Federico de Botella |
||
| 999 |
_c30414 _d30414 |
||